|
|
|
|
| LEADER |
00000naa a2200000uu 4500 |
| 001 |
vtls010942089 |
| 003 |
SK-MaSNL |
| 005 |
20260302141137.0 |
| 008 |
210904|2013 xo |||||||||||||||||slo| |
| 015 |
|
|
|a SNBRA
|
| 035 |
|
|
|a (urnnbn)urn:nbn:sk:snk:ar-a0bclf
|
| 035 |
|
|
|a (uuid)d9e73bac-6681-4982-97ba-741bbbc9fe5e
|
| 035 |
|
|
|a urn:nbn:sk:snk-aau4ul
|
| 040 |
|
|
|a SNKBUCL
|b slo
|c SNKBUCL
|e AACR2
|
| 041 |
0 |
|
|a slo
|
| 044 |
|
|
|a xo
|c SK
|
| 100 |
1 |
|
|a Dický, Jozef,
|d 1951-
|4 aut
|9 120482
|
| 245 |
1 |
0 |
|a OPTIMALIZÁCIA BETÓNOVEJ DOSKY MOSTA POUŽITÍM PRVKU SOLID65
|c J. Dický, M. Hoľko
|
| 700 |
1 |
|
|a Hoľko, M.
|4 aut
|9 776789
|
| 773 |
0 |
|
|t 11th International Conference on New Trends in Statics and Dynamics of Buildings
|d In Bratislava : Slovak University of Technology, 2013
|g S. 67-70
|z 9788022740401
|
| 958 |
|
|
|a OND
|
| 958 |
|
|
|a article11
|
| 958 |
|
|
|a chapter
|
| 999 |
|
|
|c 1334591
|d 1336521
|